01518nam a22002657a 45000010005000000030006000050050017000110080041000280200018000690400029000870500013001160820011001291000021001402450144001612500031003052600039003363000057003754900021004325050008004535200685004615210020011465210020011666500027011867000039012135086FISKH20241105142137.0241105b cb ||||| |||| 00| 0 eng d a9780545316552 aFISKHbengcFISKHdFISKH aD736.R68 a940.53 aRosenberg, Aaron aWorld War II : bAdolf Hitler, Winston Churchill, Josef Stalin, Franklin D. Roosevelt, Hirohito, Dwight D. Eisenhower /cby Aaron Rosenberg aFirst edition, August 2011 aNew York :bScholastic ;c2011 .  a160 pages : bcolro illustrations , maps ;c20 cm .  aProfilesvBook 2 aZ  aBiography & Autobiography. Juvenile Nonfiction. HTML: Full-color series-six bios in one! It takes more than one person to bring about change and innovation. Find out how key players from yesterday and today influenced and interacted with each other during some of the world's most memorable periods. So much more than just your typical biography, Profiles focuses on six of the most prominent figures during World War II. This book includes all of the biographical information kids need to know (background, family, education, accomplishments, etc.) about FDR, Churchill, Eisenhower, Hitler, Stalin, and Hirohito. Photographs, maps, and quotes are interwoven throughout the text.8 a940 bLexile 8 aZ bRaz-Plus  abiographyvnon-fiction aHoward, Dwayne ePhoto Researcher